Do Gruzie! /

Hlavní autor: Bursíková, Ivana, 1958-
Jazyk: Čeština
Vydáno: V Brně : Nastole, 2025
Vydání: 1. vydání
Témata:
Fyzický popis: 213 stran : barevné ilustrace, 1 mapa ; 21 cm
Knihy
Uloženo v:
LEADER 01400nam a2200421 i 4500
001 nkc20253683706
003 CZ PrNK
005 20250528113021.0
007 ta
008 250430s2025 xr ab e f 001 0 cze
015 |a cnb003683706 
020 |a 978-80-7448-346-2  |q (brožováno) :  |c Kč 399,00 
035 |a (OCoLC)1522999788 
040 |a BOA001  |b cze  |e rda 
043 |a a-gs--- 
072 7 |a 913(4)  |x Geografie Evropy, reálie, cestování  |2 Konspekt  |9 7 
080 |a 913(479.22)  |2 MRF 
080 |a (479.22)  |2 MRF 
080 |a (036)913  |2 MRF 
100 1 |a Bursíková, Ivana,  |d 1958-  |7 js20020909002  |4 aut  |4 pht 
245 1 0 |a Do Gruzie! /  |c Ivana Bursíková 
250 |a 1. vydání 
264 1 |a V Brně :  |b Nastole,  |c 2025 
300 |a 213 stran :  |b barevné ilustrace, 1 mapa ;  |c 21 cm 
336 |a text  |b txt  |2 rdacontent 
337 |a bez média  |b n  |2 rdamedia 
338 |a svazek  |b nc  |2 rdacarrier 
500 |a Obsahuje rejstřík 
651 7 |a Gruzie  |7 ge129207  |x reálie  |2 czenas 
651 9 |a Georgia (Republic)  |x description and travel  |2 eczenas 
655 7 |a turistické průvodce  |7 fd133738  |2 czenas 
655 9 |a tourist guidebooks  |2 eczenas 
910 2 |a BOA001  |b 2-1544.161 
928 9 |a Albatros Media - Nastole 
990 |a BK 
995 |a 01 
991 |b 202505  |c NOV 
996 6 |b 2611003020  |c 2-1544.161  |l MZK  |r Sklad / do 1 hodiny  |n 1  |p p.v.  |w 002004039  |u 000010  |a 1  |e BOA001  |j MZK50  |s P